| 000 | 00619nam a2200193Ii 4500 | ||
|---|---|---|---|
| 003 | JO-AjNU | ||
| 008 | 230605s9999||||xx |||||||||||||| ||und|| | ||
| 040 |
_aJO-AjNU _bara _erda _cJO-AjNU |
||
| 041 | _aara | ||
| 050 | 1 | 4 | _aTA145.M63.2015 |
| 100 | 3 |
_aمحمد، محمود يونس, _eauthor _951445 |
|
| 245 | 0 | 0 | _aالموسوعة الشاملة في الهندسة المدنية |
| 250 | _aط1 | ||
| 264 | 3 | 1 | _aعمان: مكتبة الراتب العلمية، 2015 |
| 300 | _aج2، 898-1796ص | ||
| 336 |
_atext _btxt _2rdacontent |
||
| 337 |
_aunmediated _bn _2rdamedia |
||
| 338 |
_avolume _bnc _2rdacarrier |
||
| 999 |
_aA22724 _c26292 _d26292 |
||